000 01105nam0a2200313 4500
001 RU\NLR\bibl\18780
005 20250615014210.0
010 _a5-8117-0014-8
_97000
021 _aRU
_b99-2783
_9132
035 _a(NLR Aleph) 000018343
090 _a80819
_c80819
100 _a19990329d1998 |||y0rusy50 ca
101 1 _arus
_ceng
102 _aRU
105 _a|||||||||||||
200 1 _aДушной ночью в Каролине
_e[Роман]
_fДжон Болл
_g[Пер. с англ. Владимира Шацкова]
210 _aМ.
_cЭлит-Клуб
_d1998
215 _a269 с.
_d17
225 1 _aЗолотой жук
_eЛауреаты премии Эдгара По
300 _aНа обороте тит. л. сер.: "Золотой жук". Библиотека лауреатов премии Эдгара По
686 _aШ6(7США)67-446
700 1 _aБолл
_bД.
_f1911-1988
_gДжон
_4070
801 0 _aRU
_bNLR
_c19990329
_gPSBO
801 1 _aRU
_bNLR
_c19990329
852 _aNLR
_j99-2/86
942 _cBOOK
980 _aNB